000
00223nam a2200085Ia 4500
245
0
_a
Israel and Palestine
100
_a
MASON, Paul Tarrytown, 2009
_9
61449
942
_c
BK
008
210818s9999 xx 000 0 und d
999
_c
434870
_d
434869